1,000 Biggest Southern U.S. Cities in 1950 on a Map - Statistics

General Stats
  • This quiz has been taken 152 times
    73 since last reset
  • The average score is 195 of 1000
Answers on the Map
Answers color-coded by a green-red scale on the quiz's map according to % correct below.
 
Answer Stats
Population State Cities % Correct
249,276 FL Miami
95%
11,801 OK Miami
95%
596,163 TX Houston
94%
98,271 MS Jackson
94%
30,207 TN Jackson
94%
6,772 LA Jackson
94%
204,517 FL Jacksonville
92%
8,607 TX Jacksonville
92%
4,751 AL Jacksonville
92%
3,960 NC Jacksonville
92%
243,504 OK Oklahoma City
92%
396,000 TN Memphis
91%
3,810 TX Memphis
91%
174,307 TN Nashville
91%
3,548 AR Nashville
91%
3,414 GA Nashville
91%
570,445 LA New Orleans
91%
124,681 FL Tampa
91%
132,459 TX Austin
89%
434,462 TX Dallas
89%
130,485 TX El Paso
89%
802,178 -- Washington
89%
9,698 NC Washington
89%
3,802 GA Washington
89%
331,314 GA Atlanta
88%
3,782 TX Atlanta
88%
27,237 FL Tallahassee
88%
134,042 NC Charlotte
86%
369,129 KY Louisville
86%
5,282 MS Louisville
86%
52,367 FL Orlando
86%
408,442 TX San Antonio
86%
949,708 MD Baltimore
85%
125,629 LA Baton Rouge
85%
230,310 VA Richmond
85%
10,268 KY Richmond
85%
326,037 AL Birmingham
83%
124,769 TN Knoxville
83%
102,213 AR Little Rock
83%
73,501 WV Charleston
82%
70,174 SC Charleston
82%
278,778 TX Fort Worth
82%
129,009 AL Mobile
82%
65,679 NC Raleigh
82%
119,638 GA Savannah
82%
182,740 OK Tulsa
77%
86,914 SC Columbia
75%
10,911 TN Columbia
75%
6,124 MS Columbia
75%
34,715 NC Fayetteville
75%
17,071 AR Fayetteville
75%
5,447 TN Fayetteville
75%
26,433 FL Key West
75%
55,534 KY Lexington
75%
13,571 NC Lexington
75%
5,976 VA Lexington
75%
3,566 TN Lexington
75%
213,513 VA Norfolk
75%
110,356 DE Wilmington
75%
45,043 NC Wilmington
75%
74,389 NC Greensboro
74%
106,525 AL Montgomery
74%
3,484 WV Montgomery
74%
108,287 TX Corpus Christi
72%
6,223 DE Dover
72%
3,707 AL Fayette
72%
71,311 NC Durham
71%
33,541 LA Lafayette
71%
4,884 GA LaFayette
71%
96,738 FL St. Petersburg
71%
61,787 VA Alexandria
69%
34,913 LA Alexandria
69%
74,246 TX Amarillo
69%
131,041 TN Chattanooga
69%
66,568 TX Galveston
69%
53,000 NC Asheville
66%
28,180 GA Athens
66%
8,618 TN Athens
66%
6,309 AL Athens
66%
5,194 TX Athens
66%
36,328 FL Fort Lauderdale
66%
71,747 TX Lubbock
66%
127,206 LA Shreveport
66%
87,811 NC Winston-Salem
66%
7,692 TX Arlington
65%
71,508 GA Augusta
65%
16,437 AL Huntsville
65%
9,820 TX Huntsville
65%
10,047 MD Annapolis
63%
36,066 TX Brownsville
63%
4,711 TN Brownsville
63%
79,611 GA Columbus
63%
17,172 MS Columbus
63%
58,161 SC Greenville
63%
29,936 MS Greenville
63%
16,724 NC Greenville
63%
14,727 TX Greenville
63%
6,781 AL Greenville
63%
51,910 TX Laredo
63%
70,252 GA Macon
63%
5,390 VA Virginia Beach
63%
20,067 TX McAllen
62%
43,479 FL Pensacola
62%
91,921 VA Roanoke
62%
5,392 AL Roanoke
62%
46,396 AL Tuscaloosa
62%
31,044 KY Newport
60%
6,254 AR Newport
60%
3,892 TN Newport
60%
29,495 TX Odessa
58%
26,861 FL Gainesville
57%
11,936 GA Gainesville
57%
11,246 TX Gainesville
57%
42,358 VA Newport News
57%
84,706 TX Waco
55%
37,425 MS Biloxi
52%
11,916 KY Frankfort
52%
38,572 LA Monroe
52%
10,140 NC Monroe
52%
4,542 GA Monroe
52%
38,968 TX Tyler
52%
45,570 TX Abilene
51%
21,713 TX Midland
51%
24,753 TX Texarkana
51%
15,875 AR Texarkana
51%
58,891 WV Wheeling
51%
25,969 VA Charlottesville
49%
8,977 KY Dayton
49%
25,525 WV Morgantown
49%
6,506 TN Springfield
49%
12,939 AL Auburn
48%
18,142 MD Frederick
48%
5,467 OK Frederick
48%
19,676 FL Hialeah
48%
46,282 FL Miami Beach
48%
18,347 KY Bowling Green
46%
13,195 FL Fort Myers
46%
22,659 MS Gulfport
46%
3,702 FL Gulfport
46%
25,814 FL Panama City
46%
29,615 GA Rome
46%
6,823 VA Salem
46%
3,262 OK Broken Arrow
45%
27,006 OK Norman
45%
68,042 TX Wichita Falls
45%
16,246 TN Clarksville
43%
4,353 TX Clarksville
43%
4,343 AR Clarksville
43%
47,942 AR Fort Smith
43%
86,353 WV Huntington
43%
47,727 VA Lynchburg
43%
3,345 SC Myrtle Beach
43%
44,097 AR North Little Rock
43%
6,685 NC Oxford
43%
3,956 MS Oxford
43%
21,643 TX Paris
43%
8,826 TN Paris
43%
6,912 KY Paris
43%
3,731 AR Paris
43%
22,840 AL Selma
43%
27,948 MS Vicksburg
43%
43,162 FL West Palm Beach
43%
94,014 TX Beaumont
42%
7,925 TX College Station
42%
5,966 VA Hampton
42%
7,045 TX Killeen
42%
3,886 FL Palm Beach
42%
12,339 VA Suffolk
42%
6,277 AR Benton
40%
30,187 FL Daytona Beach
40%
12,383 TX Edinburg
40%
29,474 MS Hattiesburg
40%
13,052 TN Murfreesboro
40%
18,896 FL Sarasota
40%
16,771 TN Bristol
38%
15,954 VA Bristol
38%
15,581 FL Clearwater
38%
16,486 NC Concord
38%
12,158 VA Fredericksburg
38%
3,854 TX Fredericksburg
38%
11,527 MS Tupelo
38%
14,351 FL Hollywood
37%
27,864 TN Johnson City
37%
30,851 FL Lakeland
37%
13,555 FL St. Augustine
37%
21,372 TX Denton
35%
6,144 LA Franklin
35%
5,475 TN Franklin
35%
4,670 VA Franklin
35%
4,343 KY Franklin
35%
5,542 AR Harrison
35%
4,310 FL Kissimmee
35%
41,272 LA Lake Charles
35%
3,426 KY London
35%
4,223 FL Melbourne
35%
5,396 DE New Castle
35%
6,735 VA Williamsburg
35%
3,348 KY Williamsburg
35%
23,879 AL Florence
34%
22,513 SC Florence
34%
29,307 AR Hot Springs
34%
41,893 MS Meridian
34%
22,740 MS Natchez
34%
4,299 TN Sparta
34%
20,046 GA Valdosta
34%
21,584 AL Dothan
32%
10,571 TX Garland
32%
6,004 SC Georgetown
32%
5,516 KY Georgetown
32%
4,951 TX Georgetown
32%
16,310 AR Jonesboro
32%
4,036 GA Manchester
32%
20,687 GA Marietta
32%
10,560 TX McKinney
32%
35,054 VA Petersburg
32%
52,093 TX San Angelo
32%
36,795 SC Spartanburg
32%
16,620 TX Texas City
32%
3,992 WV War
32%
31,155 GA Albany
31%
9,177 NC Chapel Hill
31%
37,679 MD Cumberland
31%
4,249 KY Cumberland
31%
39,973 NC High Point
31%
33,651 KY Owensboro
31%
80,039 VA Portsmouth
31%
20,102 NC Salisbury
31%
15,141 MD Salisbury
31%
17,954 GA Brunswick
29%
3,752 MD Brunswick
29%
12,605 TN Cleveland
29%
6,747 MS Cleveland
29%
5,183 TX Cleveland
29%
64,452 KY Covington
29%
5,860 VA Covington
29%
5,192 GA Covington
29%
5,113 LA Covington
29%
4,379 TN Covington
29%
6,731 DE Newark
29%
12,210 TX New Braunfels
29%
4,486 NC Plymouth
29%
4,181 SC York
29%
3,358 VA Blacksburg
28%
7,753 GA Carrollton
28%
21,635 GA Decatur
28%
19,974 AL Decatur
28%
3,633 TN Jefferson City
28%
32,828 KY Paducah
28%
22,483 TX Pasadena
28%
9,980 TX San Marcos
28%
36,260 MD Hagerstown
26%
16,837 KY Henderson
26%
10,996 NC Henderson
26%
6,833 TX Henderson
26%
19,571 TN Kingsport
26%
11,741 FL Ocala
26%
21,174 TX Orange
26%
25,467 TX Temple
26%
9,112 AR West Memphis
26%
13,841 VA Winchester
26%
9,226 KY Winchester
26%
3,974 TN Winchester
26%
10,351 MD Cambridge
25%
8,610 AR Conway
25%
6,073 SC Conway
25%
35,066 VA Danville
25%
8,686 KY Danville
25%
10,232 GA Dublin
25%
7,159 SC Lancaster
25%
15,812 NC New Bern
25%
10,734 FL North Miami
25%
37,162 AR Pine Bluff
25%
20,185 SC Sumter
25%
15,470 LA Bossier City
23%
24,560 NC Burlington
23%
14,594 TX Grand Prairie
23%
14,755 NC Hickory
23%
11,505 LA Houma
23%
29,684 WV Parkersburg
23%
16,126 TX Victoria
23%
15,995 OK Ada
22%
14,535 GA College Park
22%
11,170 MD College Park
22%
14,211 TX Del Rio
22%
36,017 OK Enid
22%
23,069 NC Gastonia
22%
10,810 VA Harrisonburg
22%
3,259 KY Irvine
22%
25,038 MS Laurel
22%
4,482 MD Laurel
22%
4,082 TN Martin
22%
6,893 SC Chester
20%
3,758 WV Chester
20%
9,785 MS Corinth
20%
15,968 GA Dalton
20%
5,807 KY Elizabethtown
20%
55,725 AL Gadsden
20%
8,605 AR Hope
20%
7,395 FL Leesburg
20%
9,914 LA Natchitoches
20%
57,530 TX Port Arthur
20%
20,150 TX Sherman
20%
19,770 SC Anderson
18%
22,983 TX Baytown
18%
13,604 FL Bradenton
18%
11,372 AR Camden
18%
6,986 SC Camden
18%
32,014 WV Clarksburg
18%
7,276 TX Eagle Pass
18%
7,025 KY Glasgow
18%
34,757 OK Lawton
18%
3,449 GA Millen
18%
4,472 MS Philadelphia
18%
24,502 SC Rock Hill
18%
10,372 LA Ruston
18%
10,767 AL Sheffield
18%
3,464 LA Slidell
18%
20,238 OK Stillwater
18%
9,071 TX Taylor
18%
9,730 SC Union
18%
5,290 MS Aberdeen
17%
31,066 AL Anniston
17%
5,081 SC Beaufort
17%
18,102 TX Bryan
17%
7,555 OK Clinton
17%
7,168 SC Clinton
17%
4,414 NC Clinton
17%
3,712 TN Clinton
17%
6,086 OK Edmond
17%
8,010 LA Hammond
17%
23,229 TX Harlingen
17%
5,535 LA Kenner
17%
24,502 TX Longview
17%
4,938 TN Milan
17%
10,765 TX Mission
17%
8,690 TX Pharr
17%
5,682 FL Pompano Beach
17%
6,505 FL Quincy
17%
27,697 NC Rocky Mount
17%
4,809 FL South Miami
17%
5,835 AR Springdale
17%
7,107 MS Starkville
17%
7,986 GA Warner Robins
17%
9,746 MS Yazoo City
17%
28,445 AL Bessemer
15%
17,286 TX Big Spring
15%
4,836 MD Easton
15%
21,454 NC Goldsboro
15%
11,236 AR Helena
15%
37,289 OK Muskogee
15%
12,327 TX Nacogdoches
15%
6,039 NC Newton
15%
12,503 TX Palestine
15%
10,805 MS Pascagoula
15%
23,305 AL Phenix City
15%
6,934 MD Rockville
15%
4,962 AR Rogers
15%
15,508 NC Shelby
15%
3,379 TX Smithville
15%
7,665 TN Union City
15%
8,674 TX Uvalde
15%
4,043 FL West Miami
15%
23,010 NC Wilson
15%
4,544 TX Bowie
14%
7,048 MS Canton
14%
4,906 NC Canton
14%
4,323 TX Center
14%
16,539 MS Clarksdale
14%
7,298 TX Conroe
14%
19,837 FL Coral Gables
14%
6,312 FL Delray Beach
14%
4,573 FL Homestead
14%
3,306 AL Leeds
14%
4,163 TX Liberty
14%
15,135 TX Lufkin
14%
4,440 LA Mansfield
14%
3,680 MS New Albany
14%
16,467 LA New Iberia
14%
5,238 AL Ozark
14%
19,927 VA Staunton
14%
13,134 AL Talladega
14%
6,020 WV Vienna
14%
8,945 WV Weston
14%
8,605 FL Winter Haven
14%
5,577 GA Cairo
12%
17,504 TX Denison
12%
12,685 NC Elizabeth City
12%
13,502 FL Fort Pierce
12%
13,813 LA Gretna
12%
6,103 NC Hendersonville
12%
25,025 GA LaGrange
12%
7,571 FL Lake City
12%
5,112 SC Lake City
12%
7,913 TN Lebanon
12%
4,640 KY Lebanon
12%
22,327 TX Marshall
12%
15,621 WV Martinsburg
12%
5,179 DE Milford
12%
12,295 AL Opelika
12%
11,935 FL Sanford
12%
10,013 NC Sanford
12%
3,413 TX San Juan
12%
11,863 OK Seminole
12%
3,479 TX Seminole
12%
5,996 LA Sulphur
12%
4,389 OK Sulphur
12%
14,424 GA Thomasville
12%
11,154 NC Thomasville
12%
3,868 TN Trenton
12%
8,555 AL Troy
12%
6,712 AL Tuskegee
12%
3,704 NC Wake Forest
12%
5,261 TX Alpine
11%
3,294 TX Andrews
11%
31,131 KY Ashland
11%
12,769 LA Bastrop
11%
9,427 TX Bay City
11%
4,750 TX Carthage
11%
4,245 FL Cocoa
11%
19,211 TX Corsicana
11%
6,876 MD Frostburg
11%
18,061 MS Greenwood
11%
13,806 SC Greenwood
11%
5,050 SC Greer
11%
7,809 MD Havre de Grace
11%
8,363 TX Hillsboro
11%
6,430 FL Jacksonville Beach
11%
8,589 AL Jasper
11%
4,403 TX Jasper
11%
16,898 TX Kingsville
11%
11,132 KY Madisonville
11%
6,982 VA Marion
11%
6,834 SC Marion
11%
7,742 TN Maryville
11%
7,192 NC Mount Airy
11%
6,342 TX Mount Pleasant
11%
3,885 AL Northport
11%
4,315 VA Norton
11%
8,054 TX Pecos
11%
8,166 AR Russellville
11%
6,012 AL Russellville
11%
4,529 KY Russellville
11%
5,006 FL Sebring
11%
16,686 WV South Charleston
11%
5,819 TX Stamford
11%
3,973 GA Summerville
11%
3,312 SC Summerville
11%
13,619 TX Sweetwater
11%
4,199 TN Sweetwater
11%
7,730 LA Thibodaux
11%
12,357 VA Waynesboro
11%
4,461 GA Waynesboro
11%
3,442 MS Waynesboro
11%
3,676 TX Wellington
11%
10,302 LA West Monroe
11%
6,432 MS West Point
11%
4,076 GA West Point
11%
9,162 AL Andalusia
9%
6,819 AR Arkadelphia
9%
7,701 NC Asheboro
9%
19,397 WV Beckley
9%
21,506 WV Bluefield
9%
4,212 VA Bluefield
9%
17,798 LA Bogalusa
9%
4,110 KY Central City
9%
12,784 LA Crowley
9%
5,918 TX Dalhart
9%
10,885 TN Dyersburg
9%
7,288 AL Enterprise
9%
29,346 WV Fairmont
9%
4,444 TX Fort Stockton
9%
6,012 TX Freeport
9%
12,526 KY Hopkinsville
9%
3,603 TX Marfa
9%
17,251 VA Martinsville
9%
10,166 OK Midwest City
9%
4,501 AR Monticello
9%
9,759 LA Morgan City
9%
13,019 TN Morristown
9%
15,322 SC Orangeburg
9%
9,668 AR Paragould
9%
14,044 TX Plainview
9%
9,230 FL Plant City
9%
19,014 AL Prichard
9%
8,279 WV Princeton
9%
5,388 KY Princeton
9%
4,397 TX San Diego
9%
9,733 TX Seguin
9%
9,456 TN Shelbyville
9%
4,403 KY Shelbyville
9%
16,901 NC Statesboro
9%
6,097 GA Statesboro
9%
8,991 TX Sulphur Springs
9%
7,562 TN Tullahoma
9%
24,275 TX University Park
9%
12,651 TX Vernon
9%
5,819 GA Vidalia
9%
18,899 GA Waycross
9%
6,140 MD Westminster
9%
8,250 FL Winter Park
9%
11,389 GA Americus
8%
8,694 FL Bartow
8%
7,219 FL Belle Glade
8%
7,801 MS Brookhaven
8%
7,270 GA Cartersville
8%
6,924 TN Cookeville
8%
4,150 LA Donaldsonville
8%
7,171 TX Donna
8%
7,428 GA Douglas
8%
6,127 TX Dumas
8%
21,080 GA East Point
8%
23,076 AR El Dorado
8%
10,991 OK El Reno
8%
3,354 AL Fairhope
8%
5,248 VA Galax
8%
6,742 TX Graham
8%
5,026 NC Graham
8%
13,982 GA Griffin
8%
3,397 MS Hazlehurst
8%
5,207 TX Hereford
8%
10,219 VA Hopewell
8%
4,369 MS Indianola
8%
4,670 LA Leesville
8%
9,186 NC Lumberton
8%
14,482 KY Middlesboro
8%
8,835 GA Milledgeville
8%
7,121 NC Mooresville
8%
6,035 KY Murray
8%
8,218 GA Newnan
8%
3,418 FL Ormond
8%
9,176 FL Palatka
8%
16,583 TX Pampa
8%
6,423 LA Pineville
8%
3,890 KY Pineville
8%
22,948 OK Shawnee
8%
4,323 FL Tarpon Springs
8%
6,413 AR Van Buren
8%
11,204 TX Waxahachie
8%
10,827 TX White Settlement
8%
7,083 SC Aiken
6%
6,355 TN Alcoa
6%
6,430 AL Alexander City
6%
16,449 TX Alice
6%
5,720 AL Atmore
6%
7,562 GA Bainbridge
6%
6,414 AR Batesville
6%
3,732 AL Bay Minette
6%
4,061 VA Bedford
6%
9,348 TX Beeville
6%
10,173 TX Bellaire
6%
6,246 TX Belton
6%
3,371 SC Belton
6%
16,234 AR Blytheville
6%
3,295 MS Booneville
6%
18,059 TX Borger
6%
6,610 TX Breckenridge
6%
6,941 TX Brenham
6%
3,908 NC Brevard
6%
4,364 TX Canyon
6%
4,920 AL Chickasaw
6%
3,840 TX Comanche
6%
5,889 TX Commerce
6%
3,351 GA Commerce
6%
5,003 FL Crestview
6%
7,523 AL Cullman
6%
8,652 FL DeLand
6%
5,799 LA DeRidder
6%
3,348 TN Dickson
6%
3,400 GA Douglasville
6%
15,325 OK Duncan
6%
9,645 TN East Ridge
6%
4,468 NC Edenton
6%
10,754 TN Elizabethton
6%
7,815 TX Ennis
6%
8,184 LA Eunice
6%
7,535 VA Falls Church
6%
4,375 VA Farmville
6%
4,420 FL Fernandina
6%
6,226 AL Fort Payne
6%
5,107 TN Gallatin
6%
3,579 AL Geneva
6%
5,659 TX Gonzales
6%
7,074 MD Greenbelt
6%
4,749 LA Homer
6%
9,663 LA Jennings
6%
6,912 TX Kermit
6%
18,336 NC Kinston
6%
11,777 FL Lake Worth
6%
7,888 NC Lenoir
6%
4,064 FL Live Oak
6%
3,567 TN Loudon
6%
5,845 FL Marianna
6%
4,530 AR Marianna
6%
10,401 MS McComb
6%
9,787 LA Minden
6%
6,311 TX Monahans
6%
8,359 AL Mountain Brook
6%
3,659 SC North Augusta
6%
11,659 LA Opelousas
6%
5,240 AL Opp
6%
3,383 MS Pass Christian
6%
5,137 OK Perry
6%
3,849 GA Perry
6%
5,747 LA Plaquemine
6%
4,596 WV Point Pleasant
6%
9,202 VA Pulaski
6%
5,762 TN Pulaski
6%
8,156 NC Roanoke Rapids
6%
3,356 NC Rockingham
6%
6,598 TX Rusk
6%
6,024 AR Searcy
6%
5,574 NC Smithfield
6%
12,010 TX Snyder
6%
3,383 LA Springhill
6%
7,155 TX Stephenville
6%
7,758 LA Tallulah
6%
6,734 AL Tuscumbia
6%
4,746 FL Vero Beach
6%
6,633 LA Ville Platte
6%
8,093 TX Weatherford
6%
3,529 OK Weatherford
6%
24,005 WV Weirton
6%
8,328 LA Westwego
6%
9,338 LA Abbeville
5%
5,395 SC Abbeville
5%
11,798 NC Albemarle
5%
9,735 OK Altus
5%
4,764 FL Arcadia
5%
17,890 OK Ardmore
5%
4,185 GA Barnesville
5%
19,228 OK Bartlesville
5%
9,040 KY Bellevue
5%
3,372 KY Berea
5%
7,049 TX Bonham
5%
5,146 AL Brewton
5%
6,161 TX Brownfield
5%
20,181 TX Brownwood
5%
5,214 VA Buena Vista
5%
3,812 GA Buford
5%
12,905 TX Cleburne
5%
6,530 TX Coleman
5%
6,774 TX Colorado City
5%
4,619 AR Crossett
5%
7,498 TX Cuero
5%
6,619 SC Darlington
5%
3,601 AR Dermott
5%
3,626 TX Eastland
5%
5,245 MD Elkton
5%
3,579 MS Ellisville
5%
5,314 DE Elsmere
5%
3,483 KY Elsmere
5%
5,664 VA Emporia
5%
3,387 TN Erwin
5%
4,005 FL Eustis
5%
3,454 AL Evergreen
5%
13,177 AL Fairfield
5%
3,847 LA Ferriday
5%
8,130 GA Fitzgerald
5%
3,754 AR Fordyce
5%
7,607 AR Forrest City
5%
8,123 SC Gaffney
5%
3,856 TX Gatesville
5%
7,365 WV Grafton
5%
8,721 TN Greeneville
5%
7,388 MS Grenada
5%
10,113 OK Guthrie
5%
8,560 GA Hapeville
5%
3,394 LA Harahan
5%
3,276 MS Holly Springs
5%
12,866 AL Homewood
5%
7,426 TN Humboldt
5%
4,562 LA Kaplan
5%
6,753 MS Kosciusko
5%
6,821 FL Lake Wales
5%
10,704 TX Lamesa
5%
8,658 SC Laurens
5%
5,442 TN Lawrenceburg
5%
5,159 TN Lenoir City
5%
8,264 TX Levelland
5%
6,918 AR Magnolia
5%
8,072 AR Malvern
5%
4,050 TX Mathis
5%
8,990 KY Mayfield
5%
3,774 TN McKenzie
5%
7,577 TN McMinnville
5%
4,445 AR Mena
5%
5,108 FL Miami Springs
5%
4,696 TN Millington
5%
7,801 TX Mineral Wells
5%
5,483 AR Morrilton
5%
3,782 MS Moss Point
5%
11,639 GA Moultrie
5%
10,989 MD Mount Rainier
5%
5,775 FL New Smyrna Beach
5%
3,406 KY Nicholasville
5%
3,314 WV Nitro
5%
5,930 GA North Atlanta
5%
5,598 LA Oakdale
5%
4,103 FL Palmetto
5%
4,365 GA Pelham
5%
4,417 TX Perryton
5%
6,707 MS Picayune
5%
4,090 LA Ponchatoula
5%
5,599 TX Port Lavaca
5%
3,960 AR Prescott
5%
3,905 KY Providence
5%
4,769 GA Quitman
5%
9,026 VA Radford
5%
9,136 TX Raymondville
5%
6,485 LA Rayne
5%
11,708 NC Reidsville
5%
3,318 TN Ripley
5%
3,821 GA Rockmart
5%
4,272 TN Rockwood
5%
13,271 TX San Benito
5%
3,779 TX Seymour
5%
3,270 AR Siloam Springs
5%
7,097 KY Somerset
5%
3,242 NC Spencer
5%
7,276 AR Stuttgart
5%
13,341 MD Takoma Park
5%
8,120 NC Tarboro
5%
6,831 GA Tifton
5%
5,295 NC Waynesville
5%
4,450 TX Wharton
5%
4,975 NC Williamston
5%
4,604 GA Winder
5%
3,655 LA Winnsboro
5%
3,267 SC Winnsboro
5%
3,503 FL Winter Garden
5%
5,231 TX Yoakum
5%
4,709 VA Abingdon
3%
3,579 NC Ahoskie
3%
8,000 TX Alamo Heights
3%
5,397 AL Albertville
3%
4,990 MS Amory
3%
3,399 TX Angleton
3%
5,302 TX Ballinger
3%
3,409 GA Baxley
3%
4,621 MS Bay St. Louis
3%
4,071 MS Belzoni
3%
5,140 SC Bennettsville
3%
5,173 VA Big Stone Gap
3%
5,944 TX Brady
3%
4,173 AR Brinkley
3%
4,666 LA Bunkie
3%
4,555 TX Burkburnett
3%
5,052 TX Cameron
3%
3,745 GA Camilla
3%
3,477 KY Campbellsville
3%
9,470 GA Cedartown
3%
3,445 GA Chamblee
3%
8,473 FL Chattahoochee
3%
3,492 NC Cherryville
3%
15,842 OK Chickasha
3%
5,230 TX Cisco
3%
4,640 AL Clanton
3%
3,357 GA Cochran
3%
6,077 VA Colonial Heights
3%
7,744 KY Corbin
3%
5,932 TX Crockett
3%
7,198 TX Crystal City
3%
3,676 MS Crystal Springs
3%
4,025 GA Cuthbert
3%
4,411 GA Dawson
3%
5,004 AL Demopolis
3%
3,837 LA DeQuincy
3%
5,171 SC Dillon
3%
3,629 NC Draper
3%
6,316 NC Dunn
3%
10,541 OK Durant
3%
6,316 SC Easley
3%
9,238 SC Eau Claire
3%
3,855 TX Edna
3%
6,772 GA Elberton
3%
6,237 TX El Campo
3%
9,121 WV Elkins
3%
3,261 TN Etowah
3%
6,712 TX Falfurrias
3%
10,870 KY Fort Thomas
3%
6,820 GA Fort Valley
3%
7,186 TX Galena Park
3%
4,096 TX Gilmer
3%
5,305 TX Gladewater
3%
5,253 AL Guntersville
3%
4,718 OK Guymon
3%
5,630 FL Haines City
3%
3,886 FL Hallandale
3%
5,760 TX Haltom City
3%
6,389 TN Harriman
3%
5,262 KY Harrodsburg
3%
3,836 TX Haskell
3%
3,342 GA Hawkinsville
3%
11,405 TX Highland Park
3%
12,308 MD Hyattsville
3%
6,856 TX Jacinto City
3%
4,692 LA Jeanerette
3%
7,691 TX Kerrville
3%
9,638 TX Kilgore
3%
5,797 TN LaFollette
3%
4,123 LA Lake Providence
3%
4,869 TX Lampasas
3%
4,429 TX La Porte
3%
7,134 NC Laurinburg
3%
4,736 MS Leland
3%
5,164 TN Lewisburg
3%
6,540 TX Littlefield
3%
5,573 TX Lockhart
3%
4,297 TX Luling
3%
3,635 LA Marksville
3%
7,099 TX Marlin
3%
8,632 KY Maysville
3%
3,854 AR McGehee
3%
10,081 TX Mercedes
3%
5,086 FL Miami Shores
3%
8,311 NC Morganton
3%
14,772 WV Moundsville
3%
3,732 NC Mount Olive
3%
5,294 KY Mount Sterling
3%
5,188 TX Navasota
3%
3,805 TX Nederland
3%
4,379 NC North Wilkesboro
3%
4,518 WV Oak Hill
3%
18,317 OK Okmulgee
3%
3,765 TX Olney
3%
5,271 FL Opa-locka
3%
5,006 AR Osceola
3%
4,481 TX Pearsall
3%
4,498 AL Piedmont
3%
3,840 AR Pocahontas
3%
20,180 OK Ponca City
3%
4,385 AL Prattville
3%
4,589 TX Quanah
3%
3,989 TX Ranger
3%
4,648 VA Richlands
3%
5,530 MD Riverdale
3%
7,278 TX Robstown
3%
6,210 TX Rosenberg
3%
4,480 GA Sandersville
3%
3,400 TX San Saba
3%
4,731 AL Scottsboro
3%
3,649 SC Seneca
3%
4,254 TX Sinton
3%
6,057 VA South Boston
3%
4,272 NC Southern Pines
3%
4,126 TX South Houston
3%
9,870 WV St. Albans
3%
4,614 LA St. Martinville
3%
4,300 GA Swainsboro
3%
9,606 AL Sylacauga
3%
4,750 OK Tahlequah
3%
6,580 GA Thomaston
3%
3,744 AR Trumann
3%
7,514 TX Weslaco
3%
6,107 AR West Helena
3%
17,074 TX West University Place
3%
3,813 AL Wetumpka
3%
4,238 NC Whiteville
3%
5,629 LA Winnfield
3%
3,441 MS Winona
3%
5,915 OK Woodward
3%
4,142 AR Wynne
3%
5,513 VA Wytheville
3%
3,332 VA Altavista
2%
6,505 OK Alva
2%
3,701 TX Alvin
2%
5,396 TX Aransas Pass
2%
7,537 AL Attalla
2%
3,763 FL Auburndale
2%
4,612 FL Avon Park
2%
4,154 KY Bardstown
2%
5,330 NC Belmont
2%
3,485 WV Benwood
2%
3,961 NC Bessemer City
2%
3,536 VA Blackstone
2%
9,199 OK Blackwell
2%
3,523 MD Brentwood
2%
6,016 WV Buckhannon
2%
4,316 TX Carrizo Springs
2%
4,750 KY Catlettsburg
2%
3,294 SC Cayce
2%
4,836 SC Cheraw
2%
3,318 MD Cheverly
2%
4,023 AL Childersburg
2%
7,619 TX Childress
2%
5,494 OK Claremore
2%
5,795 VA Clifton Forge
2%
3,276 SC Clover
2%
9,462 GA Cordele
2%
4,418 TX Cotulla
2%
8,414 OK Cushing
2%
4,847 KY Cynthiana
2%
3,806 FL Dade City
2%
4,540 FL Dania
2%
5,028 OK Drumright
2%
8,032 WV Dunbar
2%
3,597 GA Eastman
2%
4,970 TX Electra
2%
7,962 OK Elk City
2%
3,694 KY Erlanger
2%
6,906 AL Eufaula
2%
4,971 NC Forest City
2%
8,115 VA Front Royal
2%
3,291 FL Green Cove Springs
2%
3,331 AL Haleyville
2%
5,061 NC Hamlet
2%
3,569 TX Hamlin
2%
4,786 KY Harlan
2%
3,429 AL Hartselle
2%
5,658 SC Hartsville
2%
6,985 KY Hazard
2%
4,872 TX Hearne
2%
7,987 OK Henryetta
2%
5,380 OK Hobart
2%
3,769 GA Hogansville
2%
4,188 TX Hondo
2%
6,921 KY Jenkins
2%
4,605 GA Jesup
2%
4,234 TX Kenedy
2%
3,345 OK Kingfisher
2%
7,206 NC Kings Mountain
2%
3,621 SC Kingstree
2%
7,434 AL Lanett
2%
4,045 NC Leaksville
2%
5,423 NC Lincolnton
2%
5,079 WV Logan
2%
6,374 KY Ludlow
2%
17,878 OK McAlester
2%
6,627 TX Mexia
2%
3,626 TX Mineola
2%
5,144 NC Morehead City
2%
3,257 KY Morganfield
2%
4,916 SC Mullins
2%
7,546 SC Newberry
2%
3,930 TX Oak Knoll
2%
3,454 OK Okemah
2%
4,472 FL Pahokee
2%
4,309 KY Paintsville
2%
5,331 OK Pawhuska
2%
3,694 VA Phoebus
2%
5,154 KY Pikeville
2%
3,809 VA Portlock
2%
5,448 TX Port Neches
2%
4,776 OK Poteau
2%
3,585 KY Prestonsburg
2%
4,666 TX Refugio
2%
7,097 TX River Oaks
2%
4,065 FL Riviera Beach
2%
3,892 GA Rossville
2%
4,321 NC Roxboro
2%
6,994 OK Sand Springs
2%
13,031 OK Sapulpa
2%
3,322 TX Shamrock
2%
3,387 GA Silvertown
2%
5,036 TX Slaton
2%
10,434 VA South Norfolk
2%
3,891 NC Spindale
2%
4,225 AL Tallassee
2%
7,571 AL Tarrant City
2%
11,544 TX Terrell
2%
3,489 GA Thomson
2%
6,781 GA Toccoa
2%
3,629 VA Vinton
2%
3,408 NC Wadesboro
2%
4,616 SC Walterboro
2%
8,624 WV Williamson
2%
3,831 SC Woodruff
2%
6,184 OK Anadarko
0%
5,705 OK Bethany
0%
5,400 OK Bristow
0%
3,688 MD Crisfield
0%
4,435 WV Follansbee
0%
5,780 WV Hinton
0%
6,192 OK Holdenville
0%
5,984 OK Hugo
0%
4,671 OK Idabel
0%
4,320 WV Kenova
0%
6,347 WV Keyser
0%
4,271 OK Mangum
0%
3,241 WV Mannington
0%
3,399 OK Marlow
0%
3,518 WV McMechen
0%
3,470 WV Mullens
0%
4,084 WV New Martinsville
0%
3,965 OK Nowata
0%
6,896 OK Pauls Valley
0%
3,951 OK Picher
0%
4,486 OK Pryor Creek
0%
3,546 OK Purcell
0%
5,321 WV Richwood
0%
3,362 OK Sayre
0%
3,643 OK Tonkawa
0%
5,518 OK Vinita
0%
4,395 OK Wagoner
0%
3,249 OK Watonga
0%
6,603 WV Welch
0%
5,787 WV Wellsburg
0%
3,431 MD Westernport
0%
4,318 WV Westover
0%
6,747 OK Wewoka
0%
No matching quizzes found
Score Distribution
Percent of People with Each Score
Percentile by Number Answered
Your Score History
You have not taken this quiz since the last reset